[Event "HUN Team League Csongrad Region 2018-19 "]
[Site "Csongrád County"]
[Date "2018.10.14"]
[Round "2.4"]
[White "Jakso, Abel"]
[Black "Sipos, Kalman"]
[Result "1/2-1/2"]
[WhiteElo "1548"]
[BlackElo "1703"]
[PlyCount "39"]
[EventDate "2018.09.30"]
[WhiteTeam "Makói SVSE III."]
[BlackTeam "Röszkei SK"]

1. d4 Nf6 2. Nf3 g6 3. Bf4 Bg7 4. e3 O-O 5. h3 c5 6. c3 Qb6 7. Qb3 d6 8. Be2
Nc6 9. O-O Be6 10. Qc2 Bf5 11. Bd3 Bxd3 12. Qxd3 Nh5 13. Bh2 Kh8 14. Qc2 cxd4
15. exd4 Rac8 16. Qe2 Rce8 17. Qc2 Rc8 18. Qe2 Rce8 19. Qc2 Rc8 20. Qe2 1/2-1/2

[Event "HUN Team League Csongrad Region 2018-19 "]
[Site "Csongrád County"]
[Date "2018.10.14"]
[Round "2.4"]
[White "Abraham, Lajos"]
[Black "Szekeres, Mihaly"]
[Result "1-0"]
[WhiteElo "1635"]
[BlackElo "1652"]
[PlyCount "73"]
[EventDate "2018.09.30"]
[WhiteTeam "Röszkei SK"]
[BlackTeam "Makói SVSE III."]

1. c4 g6 2. d4 Bg7 3. e4 d6 4. Nc3 e6 5. Nf3 Nd7 6. Bg5 Bf6 7. Bxf6 Qxf6 8. Nb5
Qd8 9. e5 a6 10. Qa4 axb5 11. Qxa8 Nb6 12. Qa3 bxc4 13. Bxc4 Bd7 14. Qb4 Nxc4
15. Qxc4 Ne7 16. exd6 cxd6 17. O-O Bc6 18. Qc3 h5 19. d5 O-O 20. dxc6 Nxc6 21.
b4 Qb6 22. Rfd1 d5 23. Qc5 Qd8 24. Rac1 Qf6 25. b5 Nd8 26. Qd4 Qe7 27. a4 g5
28. Ne5 Kh7 29. Rc3 Kh6 30. Rdc1 Qd6 31. h4 g4 32. Qf4+ Kh7 33. Qg5 Rg8 34.
Qxh5+ Kg7 35. Rc8 Kf6 36. Nxg4+ Ke7 37. R1c7+ 1-0

[Event "HUN Team League Csongrad Region 2018-19 "]
[Site "Csongrád County"]
[Date "2018.10.14"]
[Round "2.4"]
[White "Vizhanyo Gyomorei, Jozsef"]
[Black "Nagy, Zeteny"]
[Result "1-0"]
[WhiteElo "1554"]
[BlackElo "1246"]
[PlyCount "59"]
[EventDate "2018.09.30"]
[WhiteTeam "Makói SVSE III."]
[BlackTeam "Röszkei SK"]

1. c4 e5 2. g3 b6 3. Bg2 Nc6 4. e3 Bc5 5. Ne2 Qf6 6. O-O Qd6 7. a3 a5 8. Nbc3
Qd3 9. b3 Nf6 10. Bb2 Ba6 11. Nc1 Qd6 12. Nb5 Bxb5 13. cxb5 e4 14. bxc6 Qxc6
15. d4 Bd6 16. Ne2 a4 17. Rc1 Qb5 18. b4 Be7 19. Nc3 Qa6 20. Nxe4 Nxe4 21. Bxe4
Ra7 22. d5 Bd6 23. Qh5 g6 24. Qh6 Bf8 25. Bg7 Bxg7 26. Qxg7 Rf8 27. Qe5+ Kd8
28. Qf6+ Ke8 29. d6 cxd6 30. b5 1-0

[Event "HUN Team League Csongrad Region 2018-19 "]
[Site "Csongrád County"]
[Date "2018.10.14"]
[Round "2.5"]
[White "Gyugyi, Peter"]
[Black "Papp, Bence"]
[Result "1/2-1/2"]
[WhiteElo "2002"]
[BlackElo "2061"]
[PlyCount "42"]
[EventDate "2018.09.30"]
[WhiteTeam "Üllési ISE"]
[BlackTeam "Meritum SE II."]

1. e4 c5 2. Nf3 d6 3. d4 cxd4 4. Nxd4 Nf6 5. Nc3 a6 6. Be3 e5 7. Nb3 Be6 8. Qd2
Be7 9. f4 exf4 10. Bxf4 Nc6 11. O-O-O Ne5 12. Nd4 b5 13. Nxe6 fxe6 14. Qe3 Nfg4
15. Qe1 Qb6 16. h3 Qf2 17. Bg3 Qxe1 18. Rxe1 Bg5+ 19. Kb1 Ne3 20. Bxe5 dxe5 21.
Nd1 Nxd1 1/2-1/2

[Event "HUN Team League Csongrad Region 2018-19 "]
[Site "Csongrád County"]
[Date "2018.10.14"]
[Round "2.5"]
[White "Csikos, Mihaly"]
[Black "Szekeres, Janos"]
[Result "0-1"]
[WhiteElo "2055"]
[BlackElo "1887"]
[PlyCount "124"]
[EventDate "2018.09.30"]
[WhiteTeam "Meritum SE II."]
[BlackTeam "Üllési ISE"]

1. d4 Nf6 2. c4 e5 3. e3 exd4 4. exd4 Bb4+ 5. Bd2 Qe7+ 6. Be2 Ne4 7. Nf3 Nxd2
8. Nbxd2 O-O 9. O-O c6 10. Bd3 d5 11. a3 Bd6 12. Re1 Qf6 13. b4 a5 14. Qa4 Nd7
15. c5 Bc7 16. b5 g5 17. Nf1 Qf4 18. Qd1 g4 19. Nh4 Kh8 20. Nf5 Nf6 21. g3 Qg5
22. f4 gxf3 23. Qxf3 Ne4 24. N1e3 Re8 25. b6 Bd8 26. Bxe4 dxe4 27. Qf2 Be7 28.
Rad1 Be6 29. Rf1 Rad8 30. Qf4 Qxf4 31. Rxf4 Bxf5 32. Rxf5 Kg8 33. Nc4 a4 34.
Na5 Rd7 35. Re5 Kf8 36. Kf2 f6 37. Rh5 Kg7 38. Ke3 Kg6 39. g4 Bf8 40. Nc4 Bh6+
41. Rxh6+ Kxh6 42. h4 Kg6 43. Nd6 Re6 44. Kf4 Rdxd6 45. cxd6 Rxd6 46. Kxe4 Rd5
47. Rb1 h5 48. Rb4 hxg4 49. Rxa4 Rb5 50. Rb4 Ra5 51. a4 Kh5 52. Rc4 Kxh4 53.
Rxc6 g3 54. Rc1 Rxa4 55. Kf5 g2 56. d5 Rb4 57. Kxf6 Rxb6+ 58. Ke7 Rg6 59. Rg1
Kh3 60. d6 b5 61. d7 Rg7+ 62. Ke8 Kh2 0-1

[Event "HUN Team League Csongrad Region 2018-19 "]
[Site "Csongrád County"]
[Date "2018.10.14"]
[Round "2.5"]
[White "Szabo, Zoltan"]
[Black "Daroczi, Donat"]
[Result "1-0"]
[WhiteElo "1783"]
[BlackElo "1871"]
[PlyCount "95"]
[EventDate "2018.09.30"]
[WhiteTeam "Üllési ISE"]
[BlackTeam "Meritum SE II."]

1. e4 e6 2. d4 d5 3. e5 c5 4. c3 Ne7 5. Nf3 Nec6 6. Be2 Nd7 7. O-O Be7 8. a4 b6
9. Na3 O-O 10. Nb5 a6 11. Nd6 Bxd6 12. exd6 Nf6 13. dxc5 bxc5 14. b4 cxb4 15.
cxb4 Nxb4 16. Ba3 a5 17. Nd4 Ne4 18. Nb5 Ba6 19. Bxb4 axb4 20. Bd3 Bxb5 21.
axb5 Rxa1 22. Qxa1 Qxd6 23. Qb2 Nc3 24. Ra1 Rb8 25. Ra6 Qc5 26. b6 g6 27. Qd2
Rxb6 28. Ra8+ Kg7 29. Qg5 Qd4 30. Bf1 Qf6 31. Rg8+ Kxg8 32. Qxf6 Rb8 33. Qe5
Rb6 34. Qc7 Na4 35. Qa7 b3 36. Bd3 b2 37. Bb1 Rb4 38. g3 Kg7 39. Qe3 Rc4 40.
Kg2 Nc3 41. Bd3 b1=Q 42. Bxb1 Nxb1 43. Qe5+ Kh6 44. h4 Nc3 45. Qf6 Rc7 46. Qf4+
Kg7 47. Qxc7 Ne4 48. f3 1-0

[Event "HUN Team League Csongrad Region 2018-19 "]
[Site "Csongrád County"]
[Date "2018.10.14"]
[Round "2.5"]
[White "Palotai, Bendeguz"]
[Black "Gera, Mihaly"]
[Result "1/2-1/2"]
[WhiteElo "1947"]
[BlackElo "1815"]
[PlyCount "48"]
[EventDate "2018.09.30"]
[WhiteTeam "Meritum SE II."]
[BlackTeam "Üllési ISE"]

1. d4 d5 2. Bf4 Nf6 3. e3 e6 4. Nf3 c5 5. c3 Nc6 6. Nbd2 Be7 7. Bd3 Nh5 8. Be5
Nxe5 9. Nxe5 Nf6 10. Qc2 c4 11. Be2 O-O 12. O-O Bd6 13. f4 Nd7 14. Rf3 f5 15.
Rh3 Nf6 16. Kh1 Bd7 17. Rg1 Bxe5 18. dxe5 Ne4 19. Nxe4 fxe4 20. g4 Qe7 21. Qd2
Bc6 22. Rf1 g6 23. Rh6 Kg7 24. Qe1 Kxh6 1/2-1/2

[Event "HUN Team League Csongrad Region 2018-19 "]
[Site "Csongrád County"]
[Date "2018.10.14"]
[Round "2.5"]
[White "Benke, Andras"]
[Black "Farkas, Sandor"]
[Result "0-1"]
[WhiteElo "1774"]
[BlackElo "1889"]
[PlyCount "34"]
[EventDate "2018.09.30"]
[WhiteTeam "Üllési ISE"]
[BlackTeam "Meritum SE II."]

1. c4 b6 2. d4 e6 3. Nc3 Bb4 4. Bd2 Bb7 5. e3 Nf6 6. Nf3 Bxc3 7. Bxc3 Ne4 8.
Bd3 Nxc3 9. bxc3 f5 10. O-O O-O 11. Re1 d6 12. Nd2 Qh4 13. g3 Qf6 14. Qc2 Nc6
15. Re2 e5 16. f3 exd4 17. exd4 Nxd4 0-1

[Event "HUN Team League Csongrad Region 2018-19 "]
[Site "Csongrád County"]
[Date "2018.10.14"]
[Round "2.5"]
[White "Fabian, Istvan"]
[Black "Heintz, Sebestyen"]
[Result "1-0"]
[WhiteElo "1743"]
[BlackElo "1680"]
[PlyCount "97"]
[EventDate "2018.09.30"]
[WhiteTeam "Meritum SE II."]
[BlackTeam "Üllési ISE"]

1. e4 e5 2. Nf3 Nc6 3. Bc4 Be7 4. O-O Nf6 5. Re1 d6 6. h3 O-O 7. c3 Bd7 8. d4
Na5 9. Bd3 exd4 10. cxd4 Nc6 11. Bd2 h6 12. Qb3 Qc8 13. Bc2 Re8 14. Qd3 Kf8 15.
e5 dxe5 16. dxe5 Ng8 17. Qh7 Bb4 18. Nc3 Nce7 19. Nh4 g5 20. Re4 Bxc3 21. Bxc3
Bf5 22. Nxf5 Qxf5 23. Qxf5 Nxf5 24. Rc4 Nfe7 25. Rxc7 Nd5 26. Rxb7 Nxc3 27. Bb3
Re7 28. Rxe7 Nxe7 29. bxc3 Nc6 30. e6 fxe6 31. Bxe6 Ne5 32. Re1 Nd3 33. Re3 Rd8
34. c4 Rd6 35. Rf3+ Ke7 36. Bd5 Nf4 37. Ra3 Rd7 38. Kh2 h5 39. Ra6 Nd3 40. Rg6
g4 41. hxg4 hxg4 42. Rg7+ Kd6 43. Rxd7+ Kxd7 44. Kg3 Kd6 45. Kxg4 Nxf2+ 46. Kf3
Nd3 47. Ke4 Nb4 48. g4 Nxa2 49. c5+ 1-0

[Event "HUN Team League Csongrad Region 2018-19 "]
[Site "Csongrád County"]
[Date "2018.10.14"]
[Round "2.5"]
[White "Gabor, Geza"]
[Black "Kiss, Rebeka"]
[Result "1/2-1/2"]
[WhiteElo "1585"]
[BlackElo "1707"]
[PlyCount "79"]
[EventDate "2018.09.30"]
[WhiteTeam "Üllési ISE"]
[BlackTeam "Meritum SE II."]

1. e4 e5 2. f4 exf4 3. Nf3 d5 4. e5 f6 5. d4 g5 6. Bd3 Be6 7. O-O Bg7 8. Re1 f5
9. Nc3 c6 10. Nd2 Qe7 11. a4 Nd7 12. b3 Qf7 13. Ba3 Ne7 14. Nf3 h6 15. b4 b6
16. Ba6 Rb8 17. Be2 O-O 18. Na2 Rfc8 19. Rc1 Ng6 20. Kh1 c5 21. Bb5 c4 22. Ba6
Rc7 23. b5 Bf8 24. Nb4 Ra8 25. Ra1 Nb8 26. c3 Nxa6 27. Nxa6 Rcc8 28. Qc1 Rd8
29. Bxf8 Kxf8 30. Qa3+ Kg7 31. Nb4 g4 32. Ng1 Nh4 33. Qb2 Qh5 34. Qf2 f3 35.
gxf3 Rf8 36. f4 Kh7 37. Re3 Rg8 38. Rg3 Qf7 39. Rf1 h5 40. Re3 1/2-1/2